000 00480nam a2200193 4500
003 LK-CoMWRAF
005 20231014231310.0
008 231014b |||||||| |||| 00| 0 eng d
020 _a9558425699
040 _aLK-CoMWRAF
_dLK-CoMWRAF
_eLK-CoMWRAF
041 _aeng
082 _a821
_bAME
100 _aAmerasinghe, Premini
245 _aKaleidoscope
260 _aColombo :
_bSooriya publications,
_c2002
300 _a55p. ; 22cm
650 _aEnglish poetry
942 _cBK
999 _c3873
_d3873